00323 2200133 4500001002100000005001500021035002000036245006200056300000800118260003100126082000800157084001200165990001200177INLIS00000000000261720250605024120 a0010-0625000203 aDasar-Dasar Penulisan Karangan Ilmiah /cE. Zaenal Arifin a120 aJakarta :bGrasindo,c2003 a400 a400 DAS a0320134